Harry Potter and the sorcerer's stone (Record no. 65865)

000 -LEADER
fixed length control field 00437nam a22001697a 4500
003 - CONTROL NUMBER IDENTIFIER
control field NUST - PNEC
005 - DATE AND TIME OF LATEST TRANSACTION
control field 20170116180930.0
008 - FIXED-LENGTH DATA ELEMENTS--GENERAL INFORMATION
fixed length control field 150905b xxu||||| |||| 00| 0 eng d
020 ## - INTERNATIONAL STANDARD BOOK NUMBER
International Standard Book Number 9781408810545
040 ## - CATALOGING SOURCE
Transcribing agency LIBRARY
082 ## - DEWEY DECIMAL CLASSIFICATION NUMBER
Classification number 823.914 ROW
100 ## - MAIN ENTRY--PERSONAL NAME
9 (RLIN) 8160
Personal name Rowling, J. K
245 ## - TITLE STATEMENT
Title Harry Potter and the sorcerer's stone
Statement of responsibility, etc. J. K. Rowling
260 ## - PUBLICATION, DISTRIBUTION, ETC.
Date of publication, distribution, etc. c.1997
650 ## - SUBJECT ADDED ENTRY--TOPICAL TERM
9 (RLIN) 8167
Topical term or geographic name entry element Wizards
General subdivision Literature
942 ## - ADDED ENTRY ELEMENTS (KOHA)
Source of classification or shelving scheme
Koha item type Book
Holdings
Withdrawn status Lost status Source of classification or shelving scheme Damaged status Not for loan Permanent Location Current Location Shelving location Date acquired Total Checkouts Full call number Barcode Date last seen Date last checked out Price effective from Koha item type
          Pakistan Navy Engineering College (PNEC) Pakistan Navy Engineering College (PNEC)     1 823.914 ROW PNECLIB-031204 10/10/2016 09/09/2016   Book
© 2023 Central Library, National University of Sciences and Technology. All Rights Reserved.